Small business specialists : to assist small business, small disadvantaged business, women-owned small business.

Bibliographic Details
Corporate Author: United States. Department of Defense
Format: Government Document Book
Language:English
Published: Washington, DC : Dept. of Defense, Office of the Secretary of Defense : [1997]
Subjects:

MARC

Tag First Indicator Second Indicator Subfields
LEADER 00000cam a2200000 a 4500
001 in00001345809
005 20151006061302.0
008 970324s1997 dcu r f000 0 eng d
010 |a gp 97060014  
020 |a 0160489881 :  |c $8.00 
035 |a (OCoLC)36616744 
035 |9 AHG3425AM 
037 |a 008-000-00702-1  |b GPO 
040 |a GPO  |c GPO  |d DLC  |d MvI  |d UtOrBLW 
043 |a n-us--- 
086 0 |a D 1.2:SM 1/3/996 
088 |a DOD 4205-1 H 
110 1 |a United States.  |b Department of Defense. 
245 1 0 |a Small business specialists :  |b to assist small business, small disadvantaged business, women-owned small business. 
264 1 |a Washington, DC :  |b Dept. of Defense, Office of the Secretary of Defense :  |c [1997] 
264 2 |a Washington, DC :  |b [For sale by the U.S. G.P.O., Supt. of Docs.], 
300 |a 94 pages ;  |c 28 cm. 
336 |a text  |b txt  |2 rdacontent 
337 |a unmediated  |b n  |2 rdamedia 
338 |a volume  |b nc  |2 rdacarrier 
500 |a Cover title. 
500 |a Shipping list number: 97-0172-P. 
500 |a "November 1996." 
500 |a "DOD 4205-1H." 
610 1 0 |a United States.  |b Department of Defense  |x Directories. 
650 0 |a Small business  |z United States  |x Directories. 
650 0 |a Defense contracts  |z United States  |x Directories. 
999 |a MARS 
999 f f |s a329c17d-5cf4-329b-b014-6a82bfd5cdcc  |i c4a66255-2488-3cf0-b73d-283898b774f4  |t 0 
952 f f |p normal  |a Texas A&M University  |b College Station  |c Sterling C. Evans Library  |d Evans: US Documents (Annex 5th floor)  |t 0  |e D 1.2:SM 1/3/996  |h Superintendent of Documents classification  |i unmediated -- volume  |m A14820882429 
998 f f |a D 1.2:SM 1/3/996  |t 0  |l Evans: US Documents (Annex 5th floor)